000 00353nam a22001097a 4500
082 _a823
_bBLY/F
100 _aBLYTON, ENID
245 _aFAMOUS FIVE-5 ON A SECRET TRAIL
_bFAMOUS FIVE-5 ON A SECRET TRAIL
_cFAMOUS FIVE-5 ON A SECRET TRAIL
246 _aFAMOUS FIVE-5 ON A SECRET TRAIL
_bFAMOUS FIVE-5 ON A SECRET TRAIL
650 _aENGLISH STORY
942 _cBK
999 _c8885
_d8885